000 00337nam a22001457a 4500
008 210602b ||||| |||| 00| 0 eng d
020 _a9780323054850
041 _aeng
080 _27th
_a610.73
082 _a610.73
100 _a1
101 _aINF
245 _aClinical Nursing Skills & Techniques
_cCarmen Toca
942 _2udc
_cBK
999 _c57933
_d57933